000 01564nam a2200433 i 4500
001 ELB116520
003 FINmELB
005 20250326043031.0
006 m o u
007 cr cn|||||||||
008 200229s2008 ec o 000 0 spa d
020 _a9789942063526
_q(e-book)
035 _a(OCoLC) 1105449212
040 _aFINmELB
_bspa
_erda
_cFINmELB
050 4 _aKHK2921
_bA798 2008
080 _a342(866)
082 0 _a342.866
_223
245 0 0 _aAsamblea Constituida /
_cArturo Gangotena Guarderas [y otros 3].
264 1 _aQuito :
_bCorporación de Estudios y Publicaciones,
_c2008.
300 _a1 recurso en línea (83 páginas)
336 _atexto
_btxt
_2rdacontent/spa
337 _acomputadora
_bc
_2rdamedia/spa
338 _arecurso en línea
_bcr
_2rdacarrier/spa
490 1 _aDoctrina jurídica
588 _aDescripción basada en metadatos suministrados por el editor y otras fuentes.
590 _aRecurso electrónico. Santa Fe, Arg.: elibro, 2020. Disponible vía World Wide Web. El acceso puede estar limitado para las bibliotecas afiliadas a elibro.
650 0 _aConstitutional law
_zEcuador.
650 4 _aDerecho constitucional.
651 4 _aEcuador.
655 4 _aLibros electrónicos.
700 1 _aGangotena Guarderas, Arturo,
_eautor.
797 2 _aelibro, Corp.
830 0 _aDoctrina jurídica.
856 4 0 _uhttps://elibro.net/ereader/usam/116520
999 _c139307
_d139307